Быстросокращающиеся Российские Города - Statistics

General Stats
  • This quiz has been taken 196 times
  • The average score is 4 of 15
Answer Stats
Убыль, 1990-2023 Город % Correct
205,578 Мурманск
62%
67,166 Магадан
49%
121,383 Архангельск
43%
190,523 Нижний Новгород
31%
73,391 Тула
28%
76,331 Брянск
25%
73,008 Петропавловск-Камчатский
25%
67,598 Грозный
21%
119,313 Иваново
20%
97,787 Северодвинск
13%
82,842 Комсомольск-на-Амуре
12%
85,004 Нижний Тагил
8%
75,705 Рыбинск
6%
70,482 Дзержинск
6%
95,181 Прокопьевск
4%
No matching quizzes found
Score Distribution
Percent of People with Each Score
Percentile by Number Answered
Your Score History
You have not taken this quiz